| 000 -CABECERA |
| fixed length control field |
01021nam a22001937a 4500 |
| 003 - IDENTIFICADOR DEL NÚMERO DE CONTROL |
| control field |
AR-CdUCM |
| 008 - DATOS DE LONGITUD FIJA--INFORMACIÓN GENERAL |
| fixed length control field |
190311b ||||| |||| 00| 0 spa d |
| 040 ## - FUENTE DE LA CATALOGACIÓN |
| Agencia/entidad que catalogó originalmente la obra |
MUNICIPALIDAD PROVINCIAL DEL CUSCO |
| Entidad que transcribió la catalogación |
BIBLIOTECA MUNICIPAL DEL CUSCO |
| 082 ## - NÚMERO DE LA CLASIFICACIÓN DECIMAL DEWEY |
| No. de Clasificación |
985.613 / |
| Notacion interna |
EX97 |
| 110 ## - ENTRADA PRINCIPAL--NOMBRE DE ENTIDAD CORPORATIVA |
| Nombre de la institución, jurisdicción como entrada principal |
Ministerio de Relaciones Exteriores del Perú |
| 9 (RLIN) |
15478 |
| 245 ## - MENCIÓN DE TÍTULO |
| Título |
Expedición del Benemérito Señor Baltasar La Torre al río Madre de Dios y playas de los Sirineyris y su Trágico fin : |
| Resto del título |
Correspondencia (1872-1873) |
| 260 ## - PUBLICACIÓN, DISTRIBUCIÓN, ETC. |
| Lugar de publicación, distribución, etc. |
Lima : |
| Nombre de la editorial, distribuidor, etc. |
DelSolArt Servicios Gráficos ; |
| Fecha de publicación, distribución, etc. |
2008. |
| 300 ## - DESCRIPCIÓN FÍSICA |
| Nº de Páginas Extensión |
90 páginas ; |
| Otros detalles físicos |
Fotografías. mapas, |
| Dimensiones |
24 cm. |
| 505 ## - NOTA DE CONTENIDO CON FORMATO |
| Nota de contenido formateada |
Contenido: El Cuzco y Machu Picchu en la cartografía peruana del siglo XIX -- Expedición del coronel don Baltasar La Torre a los valles de Paucartambo -- Oficios de Baltasar La Torre, Prefecto del Cuzco, a Mariano del Castillo y Ezequiel Yábar, subprefecto de Paucartambo... |
| 650 ## - PUNTO DE ACCESO ADICIONAL DE MATERIA--TÉRMINO DE MATERIA |
| Descriptor |
Expedición |
| 9 (RLIN) |
15479 |
| 650 ## - PUNTO DE ACCESO ADICIONAL DE MATERIA--TÉRMINO DE MATERIA |
| Descriptor |
Río Madre de Dios |
| 9 (RLIN) |
15480 |
| 942 ## - ELEMENTOS DE PUNTO DE ACCESO ADICIONAL (KOHA) |
| Fuente de clasificación |
|
| Tipo de item |
Libros-BMC |
| 945 ## - PROCESAMIENTO DE INFORMACIÓN LOCAL (OCLC) |
| Catalogador |
nom |